Trends in Indian transport system (Record no. 1673)

MARC details
000 -LEADER
fixed length control field 00585nam a22001577a 4500
005 - DATE AND TIME OF LATEST TRANSACTION
control field 20090722092643.0
008 - FIXED-LENGTH DATA ELEMENTS--GENERAL INFORMATION
fixed length control field 090722t xxu||||| |||| 00| 0 eng d
080 ## - UNIVERSAL DECIMAL CLASSIFICATION NUMBER
Universal Decimal Classification number 385/388(540)
Item number PAN
100 ## - MAIN ENTRY--PERSONAL NAME
Personal name Panduranga Rao, D.
245 ## - TITLE STATEMENT
Title Trends in Indian transport system:
Remainder of title a districtwise study.
300 ## - PHYSICAL DESCRIPTION
Extent xxiv, 484 p. illus.
942 ## - ADDED ENTRY ELEMENTS (KOHA)
item type Books
260 ## - PUBLICATION, DISTRIBUTION, ETC. (IMPRINT)
Place of publication, distribution, etc New Delhi
Name of publisher, distributor, etc Inter-India
Date of publication, distribution, etc 1985
500 ## - GENERAL NOTE
General note Bibliog: p. 463 - 475 Ref. at the end of each chap.
260 ## - PUBLICATION, DISTRIBUTION, ETC. (IMPRINT)
-- 694
Holdings
Lost status Source of classification or shelving scheme Not for loan Home library Current library Shelving location Date acquired Total Checkouts Full call number Barcode Date last seen Price effective from Koha item type
  Universal Decimal Classification   University Library University Library Secondary Collection 22/07/2009   385/388(540) PAN 00030899 22/07/2009 22/07/2009 Books
University Library, CUSAT